Las crónicas de Narnia

Gardado en:
Detalles Bibliográficos
Autor Principal: Lewis, C. S (Author)
Formato: Libro
Idioma:Lingua castelá
Publicado: Nueva York HarperCollins 1956
Edición:1a. ed
Series:Rayo
Subjects:
Tags: Engadir etiqueta
Sen Etiquetas, Sexa o primeiro en etiquetar este rexistro!

MARC

LEADER 00000cam a2200000 a 4500
001 UCD1715
003 CL-VaPUC
008 160324e19560000us |||||||||||||||||spa|d
020 |a 9780061199004 
020 |a 0061199001 
082 0 4 |a 823  |b LEW  |2 21 
100 |a Lewis, C. S  |e author  |9 328236 
245 1 4 |a Las crónicas de Narnia 
250 |a 1a. ed 
300 |a 802 p 
942 |c BK 
945 |d 20160324 12:59:00  |a arojas 
260 |a Nueva York  |b HarperCollins  |c 1956 
650 0 |a Literatura inglesa  |9 312907 
650 0 |a Cuentos ingleses  |9 265135 
650 0 |a Cuentos infantiles  |9 308044 
650 0 |a Ficción   |9 376687 
583 |a last modification  |c 20160324 12:59:00  |k Rodrigo Vera 
490 0 |a Rayo 
999 |c 362986  |d 362984 
952 |0 0  |1 0  |3 erb  |4 0  |6 823_000000000000000_LEW_1956  |7 0  |8 A  |9 474641  |a BIBEDU  |b BIBEDU  |i 5268052  |l 2  |o 823 LEW 1956  |p 5268052  |r 2025-04-07  |s 2025-03-19  |w 2019-11-24  |y BK  |z Catalogado en:20160324  |k LIT